000 00337nam a2200133Ia 4500
008 191201s2001 xx 000 0 und d
082 _a519.86
_bKHS
100 _aKHANNA, O P
245 0 _aStatistical Quality Control
260 _aN.Delhi
_bDhanpat Rai Pubn (P) Ltd
_c2001
300 _a1.1-16.17
650 _aB.Tech(ME)
942 _2ddc
_cBK
999 _c842
_d842